[Event "Philadelphia op 16th"]
[Site "Philadelphia"]
[Date "2023.06.26"]
[Round "6"]
[White "Shmeliov, Denis"]
[Black "Sinha, Sahil"]
[Result "1/2-1/2"]
[WhiteElo "2420"]
[BlackElo "2317"]
[PlyCount "103"]
[EventDate "2023.06.24"]
[EventType "swiss"]
[EventRounds "9"]
[EventCountry "USA"]
[SourceTitle "CBM 215 Extra"]
[Source "ChessBase"]
[SourceDate "2023.09.30"]
[SourceVersion "1"]
[SourceVersionDate "2023.09.30"]
[SourceQuality "1"]

1. e4 c5 2. Nf3 d6 3. Bb5+ Nd7 4. a4 Ngf6 5. Nc3 a6 6. Be2 b6 7. d4 cxd4 8. Qxd4 Bb7 9. 0-0 e6 10. Rd1 Qc7 11. Be3 Be7 12. Nd2 0-0 13. Nc4 Rad8 14. Nxb6 Nc5 15. a5 Nfxe4 16. Nxe4 Nxe4 17. Qc4 Qb8 18. Qb4 Qc7 19. Qc4 Qb8 20. Bf4 e5 21. Be3 Nf6 22. c3 d5 23. Qb3 Qc7 24. Rac1 h6 25. Bf3 Rb8 26. Qa2 e4 27. Be2 Bc5 28. Bd4 Qe7 29. Qa4 Rbd8 30. Bxc5 Qxc5 31. Qd4 Qe7 32. Qe3 Qe5 33. Rd4 Nd7 34. Rb4 f5 35. Qd4 Qf4 36. Qe3 Qh4 37. Qg3 Qe7 38. Qc7 Qg5 39. Rd1 Nxb6 40. Rxb6 Rf7 41. Qg3 Qe7 42. Rxh6 f4 43. Qg6 Rf6 44. Qh7+ Kf8 45. Rg6 Rxg6 46. Qxg6 Rd6 47. Qg4 Qf7 48. Qh5 Qe7 49. Qh8+ Kf7 50. Bh5+ Kf6 51. Qe8 Qxe8 52. Bxe8 1/2-1/2

[Event "Charlotte CCCSA Fall GM-A"]
[Site "Charlotte"]
[Date "2022.11.20"]
[Round "5"]
[White "Siddharth, Jagadeesh"]
[Black "Shmeliov, Denis"]
[Result "0-1"]
[WhiteElo "2407"]
[BlackElo "2415"]
[PlyCount "156"]
[EventDate "2022.11.18"]
[EventType "tourn"]
[EventRounds "9"]
[EventCountry "USA"]
[EventCategory "8"]
[SourceTitle "CBM 211 Extra"]
[Source "ChessBase"]
[SourceDate "2023.01.31"]
[SourceVersion "1"]
[SourceVersionDate "2023.01.31"]
[SourceQuality "1"]

1. d4 Nf6 2. c4 e6 3. Nc3 Bb4 4. e3 0-0 5. Bd3 d5 6. cxd5 exd5 7. a3 Bd6 8. Qc2 c6 9. Nge2 Re8 10. Bd2 b6 11. f3 Ba6 12. g4 Bxd3 13. Qxd3 c5 14. g5 Nfd7 15. Qf5 cxd4 16. exd4 b5 17. Qxd5 Nb6 18. Qxb5 N8d7 19. Ne4 Nf8 20. 0-0 Ne6 21. Kh1 Be7 22. Rad1 Rb8 23. N2c3 Qc8 24. Qf5 Nxd4 25. Qxc8 Rbxc8 26. Be3 Ne6 27. Bxb6 axb6 28. Nd5 Rb8 29. f4 Kf8 30. h4 Nc5 31. Nxc5 bxc5 32. Rf2 Rb7 33. Nxe7 Rexe7 34. Rc1 Rb5 35. Rfc2 Reb7 36. Rxc5 Rxb2 37. f5 Ke7 38. Rd1 Re2 39. Rc6 f6 40. Ra1 Rbb2 41. Re6+ Rxe6 42. fxe6 fxg5 43. hxg5 Kxe6 44. g6 h6 45. Rf1 Rb5 46. Rf3 Rg5 47. a4 Rxg6 48. a5 Ke7 49. Rf5 Rd6 50. Kg2 Ke6 51. Rb5 Rd5 52. Rb7 Kf6 53. a6 Ra5 54. Ra7 Ra3 55. Ra8 h5 56. a7 Kg5 57. Kh2 Kg4 58. Kg2 Ra2+ 59. Kg1 h4 60. Rf8 Rxa7 61. Rf2 Ra1+ 62. Kh2 g5 63. Rg2+ Kh5 64. Rb2 Ra3 65. Kg2 h3+ 66. Kh2 Kh4 67. Rb1 Ra2+ 68. Kh1 g4 69. Rc1 g3 70. Kg1 Re2 71. Rc4+ Kg5 72. Rc5+ Kf4 73. Rc4+ Kf3 74. Rc1 Rd2 75. Rc3+ Kf4 76. Rc1 Ke3 77. Re1+ Kd3 78. Kh1 Kc2 0-1

[Event "New York Summer GM-B"]
[Site "New York"]
[Date "2022.07.09"]
[Round "5"]
[White "Paragua, Mark"]
[Black "Shmeliov, Denis"]
[Result "1/2-1/2"]
[WhiteElo "2461"]
[BlackElo "2436"]
[PlyCount "84"]
[EventDate "2022.07.07"]
[EventType "tourn"]
[EventRounds "9"]
[EventCountry "USA"]
[EventCategory "6"]
[SourceTitle "CBM 209 Extra"]
[Source "ChessBase"]
[SourceDate "2022.09.30"]
[SourceVersion "1"]
[SourceVersionDate "2022.09.30"]
[SourceQuality "1"]

1. d4 Nf6 2. c4 e6 3. Nf3 d5 4. Nc3 Bb4 5. cxd5 exd5 6. Bg5 h6 7. Bh4 0-0 8. e3 Bf5 9. Qb3 Bxc3+ 10. Qxc3 Nbd7 11. Be2 Ne4 12. Qb3 Ndf6 13. 0-0 g5 14. Bg3 Nxg3 15. fxg3 Be6 16. Qxb7 Rb8 17. Qxa7 Rxb2 18. Bd3 Qa8 19. Qxa8 Rxa8 20. Rf2 Rxf2 21. Kxf2 Ra3 22. Ke2 Ne4 23. Bxe4 dxe4 24. Nd2 f5 25. Rc1 Rxa2 26. Rxc7 Bf7 27. h3 Bh5+ 28. g4 fxg4 29. hxg4 Bxg4+ 30. Ke1 Ra1+ 31. Kf2 Ra2 32. Ke1 Ra1+ 33. Kf2 Ra2 34. Kg3 Rxd2 35. Kxg4 Rxg2+ 36. Kf5 Rf2+ 37. Kg6 Kf8 38. Rc8+ Ke7 39. Kxh6 g4 40. Rg8 Rf3 41. Rxg4 Rxe3 42. Kg5 Kd6 1/2-1/2

[Event "New York GM-B"]
[Site "New York"]
[Date "2021.11.13"]
[Round "7"]
[White "Shmeliov, Denis"]
[Black "Rozman, Levy"]
[Result "1-0"]
[WhiteElo "2430"]
[BlackElo "2337"]
[PlyCount "95"]
[EventDate "2021.11.10"]
[EventType "tourn"]
[EventRounds "9"]
[EventCountry "USA"]
[EventCategory "8"]
[SourceTitle "CBM 205 Extra"]
[Source "ChessBase"]
[SourceDate "2022.01.31"]
[SourceVersion "1"]
[SourceVersionDate "2022.01.31"]
[SourceQuality "1"]

1. d4 d5 2. c4 dxc4 3. e3 e5 4. Bxc4 exd4 5. exd4 Bd6 6. Nf3 Nf6 7. Qe2+ Qe7 8. Qxe7+ Bxe7 9. 0-0 0-0 10. Re1 Bd6 11. Nc3 c6 12. Bg5 Nbd7 13. Bb3 Re8 14. Bxf6 Nxf6 15. Rxe8+ Nxe8 16. Ng5 Be6 17. Nxe6 fxe6 18. Bxe6+ Kf8 19. Ne4 Rd8 20. Bb3 Be7 21. Rd1 h6 22. g3 Nf6 23. Nc3 a6 24. Kg2 Rd6 25. h3 Bd8 26. f4 Bb6 27. d5 cxd5 28. Bxd5 Rd7 29. Bf3 Re7 30. Rd6 Ba5 31. Rd3 Rc7 32. g4 g5 33. f5 Bb4 34. Rd8+ Kg7 35. Rb8 b5 36. Rb7 Bd6 37. Rb6 Be5 38. Rxa6 b4 39. Nd1 Bxb2 40. Nxb2 Rc2+ 41. Kg3 Rxb2 42. Ra7+ Kg8 43. Bd1 Ne4+ 44. Kf3 Nc5 45. Ke3 Rb1 46. Be2 Rc1 47. Kd4 b3 48. Bc4+ 1-0

[Event "New York GM-B"]
[Site "New York"]
[Date "2021.11.11"]
[Round "2"]
[White "Yoo, Christopher Woojin"]
[Black "Shmeliov, Denis"]
[Result "0-1"]
[WhiteElo "2499"]
[BlackElo "2430"]
[PlyCount "142"]
[EventDate "2021.11.10"]
[EventType "tourn"]
[EventRounds "9"]
[EventCountry "USA"]
[EventCategory "8"]
[SourceTitle "CBM 205 Extra"]
[Source "ChessBase"]
[SourceDate "2022.01.31"]
[SourceVersion "1"]
[SourceVersionDate "2022.01.31"]
[SourceQuality "1"]

1. d4 e6 2. c4 Nf6 3. Nf3 d5 4. Nc3 Bb4 5. Qb3 c5 6. dxc5 Nc6 7. Bg5 h6 8. Bxf6 Qxf6 9. cxd5 exd5 10. e3 Be6 11. Bb5 Bxc5 12. Nxd5 Bxd5 13. Qxd5 Bb4+ 14. Kf1 0-0 15. Rb1 Rfd8 16. Qe4 Re8 17. Qf4 Qg6 18. Rc1 Re4 19. Bd3 Rxf4 20. Bxg6 Rxf3 21. gxf3 fxg6 22. Ke2 Kf7 23. Rhd1 Ke8 24. Rd5 a6 25. a3 Be7 26. b4 g5 27. Rcd1 Rd8 28. b5 axb5 29. Rxb5 Rxd1 30. Kxd1 Nd8 31. a4 Kd7 32. Kc2 Kc6 33. Kd3 Bd6 34. Ke4 Ne6 35. Kf5 Nc5 36. Rb4 Bxh2 37. e4 Nd3 38. Rb5 Bf4 39. Rd5 Ne1 40. Ke6 Nxf3 41. Rd7 h5 42. Rxg7 h4 43. Rh7 b6 44. Kf5 Ne5 45. Rh5 Kc5 46. Rh6 Nf7 47. Rf6 Nd6+ 48. Kg4 Nxe4 49. Rf5+ Kc6 50. a5 bxa5 51. Rxa5 Nxf2+ 52. Kf3 Nd3 53. Ke4 Nc5+ 54. Kf3 h3 55. Ra8 h2 56. Rh8 Kd5 57. Kg2 Ke5 58. Re8+ Ne6 59. Rg8 Kf5 60. Ra8 Kg4 61. Ra4 Ng7 62. Rc4 Nf5 63. Ra4 Ne3+ 64. Kh1 Kf3 65. Ra2 g4 66. Re2 Nd1 67. Rg2 Ke4 68. Re2+ Kf5 69. Kg2 g3 70. Re8 Nf2 71. Rf8+ Ke4 0-1

[Event "New York GM-B"]
[Site "New York"]
[Date "2021.11.10"]
[Round "1"]
[White "Shmeliov, Denis"]
[Black "Jacobson, Brandon"]
[Result "0-1"]
[WhiteElo "2430"]
[BlackElo "2514"]
[PlyCount "78"]
[EventDate "2021.11.10"]
[EventType "tourn"]
[EventRounds "9"]
[EventCountry "USA"]
[EventCategory "8"]
[SourceTitle "CBM 205 Extra"]
[Source "ChessBase"]
[SourceDate "2022.01.31"]
[SourceVersion "1"]
[SourceVersionDate "2022.01.31"]
[SourceQuality "1"]

1. d4 Nf6 2. c4 g6 3. Nc3 Bg7 4. e4 d6 5. Be2 0-0 6. Nf3 e5 7. 0-0 Bg4 8. d5 a5 9. Be3 Na6 10. Nd2 Bd7 11. a3 h5 12. f3 Kh7 13. Rb1 Bh6 14. Bxh6 Kxh6 15. f4 exf4 16. Rxf4 Kg7 17. Nf3 Ng4 18. Qd4+ f6 19. Nh4 Ne5 20. Rbf1 Kh7 21. R4f2 a4 22. Nd1 Nc5 23. Ne3 Qe7 24. Rf4 Qg7 25. h3 Qh6 26. Kh2 f5 27. Nhxf5 gxf5 28. exf5 Be8 29. f6 Ncd7 30. Nf5 Qxf6 31. Ng3 Qg7 32. Qe4+ Bg6 33. Nf5 Qf6 34. Bxh5 Bxh5 35. Rh4 Qg6 36. g4 Nf6 37. Qf4 Nexg4+ 38. hxg4 Nxg4+ 39. Kh1 Rae8 0-1

[Event "Charlotte CCCSA Winter GM"]
[Site "Charlotte"]
[Date "2019.01.19"]
[Round "4"]
[White "Ostrovskiy, Aleksandr A"]
[Black "Shmeliov, Denis"]
[Result "1/2-1/2"]
[WhiteElo "2439"]
[BlackElo "2461"]
[PlyCount "108"]
[EventDate "2019.01.17"]
[EventType "tourn"]
[EventRounds "9"]
[EventCountry "USA"]
[EventCategory "9"]
[SourceTitle "CBM 188 Extra"]
[Source "ChessBase"]
[SourceDate "2019.02.26"]
[SourceVersion "1"]
[SourceVersionDate "2019.02.26"]
[SourceQuality "1"]

1. e4 c6 2. d4 d5 3. exd5 cxd5 4. Bd3 Nc6 5. c3 Qc7 6. Ne2 Nf6 7. Bf4 Qd8 8. h3 e6 9. Nd2 Bd6 10. Bxd6 Qxd6 11. 0-0 0-0 12. f4 Bd7 13. a4 Rfc8 14. b4 a5 15. b5 Ne7 16. Qb1 h5 17. Nf3 Nf5 18. Ne5 Qe7 19. g4 Nd6 20. Qe1 Nfe4 21. Rc1 Be8 22. Ng3 f6 23. Nf3 hxg4 24. hxg4 Nxg3 25. Qxg3 Ne4 26. Qe1 Bg6 27. f5 exf5 28. Nh4 Bh7 29. Nxf5 Bxf5 30. Rxf5 Qd6 31. Bxe4 dxe4 32. Kg2 Re8 33. Qe3 Qa3 34. g5 fxg5 35. Rxg5 Re7 36. Rf1 Rc8 37. Rg3 Qxa4 38. Qg5 Qa2+ 39. Kg1 Rce8 40. Qh5 Rf7 41. Rxf7 Qxf7 42. Qxf7+ Kxf7 43. Kf2 Rc8 44. Ke2 Kf6 45. Kd2 g5 46. Rh3 Kg6 47. Rh1 Rc7 48. Rc1 Rc4 49. Ke3 Kf5 50. Rf1+ Ke6 51. Kxe4 Rxc3 52. Ra1 Kd6 53. Rxa5 g4 54. b6 Kc6 1/2-1/2

[Event "Chicago op 27th"]
[Site "Chicago"]
[Date "2018.05.28"]
[Round "8"]
[White "Fridman, Daniel"]
[Black "Shmeliov, Denis"]
[Result "1/2-1/2"]
[WhiteElo "2636"]
[BlackElo "2443"]
[PlyCount "117"]
[EventDate "2018.05.24"]
[EventType "swiss"]
[EventRounds "9"]
[EventCountry "USA"]
[SourceTitle "CBM 184 Extra"]
[Source "ChessBase"]
[SourceDate "2018.06.28"]
[SourceVersion "1"]
[SourceVersionDate "2018.06.28"]
[SourceQuality "1"]

1. Nf3 d5 2. c4 c6 3. d4 Nf6 4. Nc3 dxc4 5. a4 Bf5 6. Ne5 e6 7. f3 Bb4 8. e4 Bxe4 9. fxe4 Nxe4 10. Bd2 Qxd4 11. Nxe4 Qxe4+ 12. Qe2 Bxd2+ 13. Kxd2 Qd5+ 14. Kc2 Na6 15. Nxc4 0-0 16. Qf3 Rfd8 17. Be2 Qc5 18. Rhf1 Nb4+ 19. Kb1 Qe7 20. Ra3 Rd5 21. Qf2 c5 22. Rf3 Rf8 23. Rg3 Rfd8 24. h4 Qd7 25. b3 Rf5 26. Rf3 Rxf3 27. Qxf3 Nc6 28. Qf2 Qe7 29. g4 Nd4 30. Bd1 Rd5 31. Ne3 Rd8 32. g5 b5 33. axb5 Nxb5 34. Kb2 a5 35. Nc4 Nd4 36. Kc1 Nf5 37. Bc2 Nd4 38. Bd1 Rf8 39. Qg2 Qd7 40. h5 Qb5 41. g6 hxg6 42. hxg6 fxg6 43. Rxf8+ Kxf8 44. Qa8+ Ke7 45. Qa7+ Kf6 46. Nd6 Nxb3+ 47. Kb2 Qa4 48. Qf7+ Ke5 49. Qxg7+ Kxd6 50. Qf8+ Kc7 51. Bxb3 Qd4+ 52. Kb1 a4 53. Qe7+ Kb6 54. Qxe6+ Ka5 55. Bc2 g5 56. Qg8 Kb4 57. Qb8+ Ka3 58. Qg3+ Kb4 59. Qb8+ 1/2-1/2

[Event "Chicago op 27th"]
[Site "Chicago"]
[Date "2018.05.27"]
[Round "6"]
[White "Li, Ruifeng"]
[Black "Shmeliov, Denis"]
[Result "1/2-1/2"]
[WhiteElo "2587"]
[BlackElo "2443"]
[PlyCount "105"]
[EventDate "2018.05.24"]
[EventType "swiss"]
[EventRounds "9"]
[EventCountry "USA"]
[SourceTitle "CBM 184 Extra"]
[Source "ChessBase"]
[SourceDate "2018.06.28"]
[SourceVersion "1"]
[SourceVersionDate "2018.06.28"]
[SourceQuality "1"]

1. e4 e6 2. d3 c5 3. g3 Nc6 4. Bg2 g6 5. Nc3 Bg7 6. Be3 d6 7. Qd2 Qa5 8. Nge2 Nd4 9. 0-0 Nxe2+ 10. Qxe2 Ne7 11. Qd2 Nc6 12. Bf4 Qd8 13. Bh6 0-0 14. Bxg7 Kxg7 15. Nd1 e5 16. Ne3 Be6 17. f4 exf4 18. Rxf4 f6 19. Raf1 Rf7 20. c3 Qb6 21. h4 Raf8 22. Kh2 Ne7 23. d4 Qd8 24. Bh3 Bxh3 25. Kxh3 cxd4 26. Qxd4 Nc6 27. Qd2 Qe7 28. g4 Qe6 29. b3 Ne7 30. Kg3 h6 31. Qd3 g5 32. Nf5+ Nxf5+ 33. Rxf5 Re7 34. Re1 gxh4+ 35. Kxh4 Rg8 36. Qd4 b6 37. Kg3 Kf7 38. Kf3 Rg6 39. Rd1 Re8 40. Qd5 Reg8 41. Qxd6 Rxg4 42. Qc7+ Kg6 43. Kxg4 Qxe4+ 44. Qf4 Qg2+ 45. Kh4 Qg5+ 46. Rxg5+ hxg5+ 47. Kg4 gxf4 48. Kxf4 Rc8 49. c4 Rc7 50. Rd8 Kf7 51. Ke4 Ke7 52. Ra8 Kd6 53. Rf8 1/2-1/2

[Event "Charlotte CCCSA Winter GM-A"]
[Site "Charlotte"]
[Date "2018.01.15"]
[Round "9"]
[White "Shmeliov, Denis"]
[Black "Kaliksteyn, Alexander"]
[Result "1/2-1/2"]
[WhiteElo "2420"]
[BlackElo "2425"]
[PlyCount "29"]
[EventDate "2018.01.11"]
[EventType "tourn"]
[EventRounds "9"]
[EventCountry "USA"]
[EventCategory "8"]
[SourceTitle "CBM 182 Extra"]
[Source "ChessBase"]
[SourceDate "2018.02.23"]
[SourceVersion "1"]
[SourceVersionDate "2018.02.23"]
[SourceQuality "1"]

1. d4 Nf6 2. c4 g6 3. Nc3 d5 4. cxd5 Nxd5 5. Bd2 Bg7 6. e4 Nxc3 7. Bxc3 0-0 8. Qd2 c5 9. d5 e6 10. Bxg7 Kxg7 11. Bc4 Nd7 12. d6 b6 13. Nf3 Bb7 14. Qe3 Qf6 15. 0-0-0 1/2-1/2

[Event "Charlotte CCCSA Winter GM-A"]
[Site "Charlotte"]
[Date "2018.01.12"]
[Round "2"]
[White "Korley, Kassa"]
[Black "Shmeliov, Denis"]
[Result "1/2-1/2"]
[WhiteElo "2387"]
[BlackElo "2420"]
[PlyCount "86"]
[EventDate "2018.01.11"]
[EventType "tourn"]
[EventRounds "9"]
[EventCountry "USA"]
[EventCategory "8"]
[SourceTitle "CBM 182 Extra"]
[Source "ChessBase"]
[SourceDate "2018.02.23"]
[SourceVersion "1"]
[SourceVersionDate "2018.02.23"]
[SourceQuality "1"]

1. d4 d5 2. Nf3 Nf6 3. c4 c6 4. e3 Bf5 5. Nc3 e6 6. Nh4 Bg6 7. Qb3 Qc7 8. Nxg6 hxg6 9. g3 Nbd7 10. Bg2 Nb6 11. cxd5 exd5 12. 0-0 Bd6 13. a4 a5 14. e4 dxe4 15. Nxe4 Nxe4 16. Bxe4 Bb4 17. Bg5 Qd7 18. h4 Nd5 19. Bxd5 cxd5 20. Rfe1+ Kf8 21. Re5 f6 22. Rxd5 Qf7 23. Be3 Re8 24. Qa2 g5 25. Rb5 Qd7 26. Qd5 Qxd5 27. Rxd5 gxh4 28. g4 Kf7 29. Rc1 Re4 30. g5 h3 31. Rd7+ Kg6 32. gxf6 gxf6 33. Rxb7 Rg4+ 34. Kh1 h2 35. d5 Kf5 36. d6 Bxd6 37. Rb5+ Kg6 38. Rxa5 Rb8 39. Rd1 Be5 40. f3 Rg3 41. Rb5 Rxb5 42. axb5 Rxf3 43. Bd4 Bxd4 1/2-1/2

[Event "Charlotte CCCSA Winter GM-A"]
[Site "Charlotte"]
[Date "2018.01.12"]
[Round "3"]
[White "Shmeliov, Denis"]
[Black "Escobar Forero, Alder"]
[Result "1-0"]
[WhiteElo "2420"]
[BlackElo "2482"]
[PlyCount "115"]
[EventDate "2018.01.11"]
[EventType "tourn"]
[EventRounds "9"]
[EventCountry "USA"]
[EventCategory "8"]
[SourceTitle "CBM 182 Extra"]
[Source "ChessBase"]
[SourceDate "2018.02.23"]
[SourceVersion "1"]
[SourceVersionDate "2018.02.23"]
[SourceQuality "1"]

1. d4 c5 2. d5 d6 3. e4 g6 4. Nf3 Bg7 5. Be2 Nf6 6. Nc3 0-0 7. 0-0 Nbd7 8. h3 Rb8 9. a4 Ne8 10. Bf4 a6 11. a5 b5 12. axb6 Rxb6 13. Ra2 Nc7 14. Nd2 Rb4 15. Nc4 Nb6 16. Nxb6 Rxb6 17. Bd2 Bd7 18. b3 Qc8 19. Na4 Rb7 20. Nb2 Nb5 21. Nc4 Rb8 22. Qe1 Re8 23. Ne3 e6 24. Bxb5 axb5 25. Bc3 e5 26. Qd2 Bh6 27. b4 c4 28. Rfa1 Qd8 29. Ra7 Re7 30. Qe2 Bc8 31. R7a5 Qf8 32. Ra8 Reb7 33. Rxb8 Rxb8 34. Ra7 Bg5 35. Bd2 Bf6 36. Nd1 Bd8 37. Be3 Qe8 38. Nc3 Bd7 39. Qe1 Be7 40. Qa1 f5 41. f3 h5 42. Qa5 Bd8 43. Qa6 Qe7 44. Bf2 f4 45. h4 Kf8 46. Kf1 Kf7 47. Ke2 Kf8 48. Kd2 Kf7 49. Kc1 Kf8 50. Kb2 Kf7 51. Ne2 Ke8 52. Ng1 Rc8 53. Nh3 c3+ 54. Kb3 Bc7 55. Ng5 Qg7 56. Qb7 Bd8 57. Bb6 Qe7 58. Ra8 1-0

[Event "Charlotte CCCSA Winter GM-A"]
[Site "Charlotte"]
[Date "2018.01.11"]
[Round "1"]
[White "Shmeliov, Denis"]
[Black "Brodsky, David"]
[Result "1/2-1/2"]
[WhiteElo "2420"]
[BlackElo "2405"]
[PlyCount "57"]
[EventDate "2018.01.11"]
[EventType "tourn"]
[EventRounds "9"]
[EventCountry "USA"]
[EventCategory "8"]
[SourceTitle "CBM 182 Extra"]
[Source "ChessBase"]
[SourceDate "2018.02.23"]
[SourceVersion "1"]
[SourceVersionDate "2018.02.23"]
[SourceQuality "1"]

1. d4 Nf6 2. c4 e6 3. Nc3 Bb4 4. Qc2 d5 5. cxd5 Qxd5 6. Nf3 Qf5 7. Qxf5 exf5 8. a3 Bd6 9. Bg5 Ne4 10. Nxe4 fxe4 11. Nd2 h6 12. Bh4 f5 13. e3 Be6 14. Nc4 Nd7 15. Rc1 g5 16. Bg3 Ke7 17. Na5 Bd5 18. Bc4 Bxc4 19. Rxc4 Rab8 20. Bxd6+ cxd6 21. Kd2 Ke6 22. Rc7 Nf6 23. b4 Rh7 24. Rhc1 Rd7 25. h3 b6 26. Rxd7 Kxd7 27. Nc6 Ra8 28. b5 Nd5 29. Nb4 1/2-1/2

[Event "North American op 27th"]
[Site "Las Vegas"]
[Date "2017.12.27"]
[Round "4"]
[White "Gabuzyan, Hovhannes"]
[Black "Shmeliov, Denis"]
[Result "1/2-1/2"]
[WhiteElo "2581"]
[BlackElo "2420"]
[PlyCount "50"]
[EventDate "2017.12.26"]
[EventType "swiss"]
[EventRounds "9"]
[EventCountry "USA"]
[SourceTitle "CBM 182 Extra"]
[Source "ChessBase"]
[SourceDate "2018.02.23"]
[SourceVersion "1"]
[SourceVersionDate "2018.02.23"]
[SourceQuality "1"]

1. g3 Nf6 2. Bg2 d5 3. Nf3 c6 4. 0-0 Bf5 5. c4 e6 6. cxd5 exd5 7. d3 Be7 8. Qb3 Qb6 9. Qc2 0-0 10. Nc3 Na6 11. a3 h6 12. e4 Bh7 13. b4 Nc7 14. Be3 Qa6 15. Rfe1 Ne6 16. Nd4 Ng4 17. Nxe6 fxe6 18. exd5 exd5 19. b5 Qa5 20. Bd4 Bf6 21. Bxf6 Rxf6 22. Re2 Raf8 23. Rf1 Qb6 24. bxc6 bxc6 25. Nd1 h5 1/2-1/2

[Event "Washington op 6th"]
[Site "Rockville"]
[Date "2017.08.16"]
[Round "9"]
[White "Shmeliov, Denis"]
[Black "Hevia Alejano, Carlos Antonio"]
[Result "0-1"]
[WhiteElo "2414"]
[BlackElo "2497"]
[PlyCount "140"]
[EventDate "2017.08.12"]
[EventType "swiss"]
[EventRounds "9"]
[EventCountry "USA"]
[SourceTitle "CBM 180"]
[Source "ChessBase"]
[SourceDate "2017.09.13"]
[SourceVersion "1"]
[SourceVersionDate "2017.09.13"]
[SourceQuality "1"]

1. d4 Nf6 2. c4 e6 3. Nc3 Bb4 4. Qc2 b6 5. e4 c5 6. d5 Qe7 7. Be2 d6 8. Nf3 0-0 9. 0-0 Bxc3 10. bxc3 exd5 11. exd5 Bf5 12. Qxf5 Qxe2 13. Bh6 Qe4 14. Qxe4 Nxe4 15. Rfe1 f5 16. Bf4 Nd7 17. Ng5 Nxg5 18. Bxg5 Ne5 19. Be7 Rfc8 20. Bxd6 Nxc4 21. Bg3 Rd8 22. Rad1 Rd7 23. Bh4 Kf7 24. Re6 Rg8 25. f4 h6 26. Rde1 Rxd5 27. Re7+ Kg6 28. Rxa7 Kh5 29. Bf2 Rd3 30. Rc1 Rgd8 31. h3 R8d7 32. Ra4 Rd1+ 33. Rxd1 Rxd1+ 34. Kh2 Nd2 35. Ra7 g5 36. fxg5 hxg5 37. Rh7+ Kg6 38. Rb7 Nc4 39. Ra7 Rd2 40. Bg1 Rc2 41. a4 Ra2 42. Ra6 Kh5 43. Ra8 f4 44. Kh1 Ra3 45. Rh8+ Kg6 46. h4 gxh4 47. Rxh4 Kg5 48. g3 Nb2 49. Rxf4 Nxa4 50. Kg2 Nxc3 51. Rf8 Ne4 52. Rg8+ Kf6 53. g4 b5 54. g5+ Kf5 55. g6 Rg3+ 56. Kh2 Rxg6 57. Rb8 c4 58. Rxb5+ Kf4 59. Bd4 Nd2 60. Be5+ Kf3 61. Rb8 Nf1+ 62. Kh1 Ng3+ 63. Kg1 Ne2+ 64. Kh1 Rh6+ 65. Bh2 c3 66. Rc8 Rh5 67. Rc6 Ng3+ 68. Kg1 Ne4 69. Bc7 Rg5+ 70. Kh2 Rc5 0-1

[Event "Chicago op 26th"]
[Site "Chicago"]
[Date "2017.05.26"]
[Round "2"]
[White "Wongso, Steve"]
[Black "Shmeliov, Denis"]
[Result "0-1"]
[WhiteElo "1636"]
[BlackElo "2415"]
[PlyCount "74"]
[EventDate "2017.05.25"]
[EventType "swiss"]
[EventRounds "9"]
[EventCountry "USA"]
[SourceTitle "CBM 178 Extra"]
[Source "ChessBase"]
[SourceDate "2017.06.22"]
[SourceVersion "1"]
[SourceVersionDate "2017.06.22"]
[SourceQuality "1"]

1. e4 c6 2. d4 d5 3. Nd2 dxe4 4. Nxe4 Bf5 5. Ng3 Bg6 6. h4 h6 7. h5 Bh7 8. Nf3 Nd7 9. Bd3 Bxd3 10. Qxd3 e6 11. Bd2 Ngf6 12. 0-0-0 Be7 13. Ne4 Nxe4 14. Qxe4 Nf6 15. Qe2 Qd5 16. Kb1 Nxh5 17. Ne5 Nf6 18. f3 Qd8 19. g4 Nd7 20. g5 Bxg5 21. Bxg5 Qxg5 22. Rhg1 Qf6 23. Nc4 0-0 24. Nd6 Rab8 25. Ne4 Qf5 26. Qg2 g6 27. Qh2 Kg7 28. Ng3 Qd5 29. Nh5+ Kh7 30. Nf4 Qf5 31. Rh1 h5 32. Rdg1 Rh8 33. Nxh5 Kg8 34. Qh4 Kf8 35. Qh2 Rxh5 36. Qd6+ Ke8 37. Rxh5 Qxh5 0-1

[Event "Chicago op 26th"]
[Site "Chicago"]
[Date "2017.05.25"]
[Round "1"]
[White "Shmeliov, Denis"]
[Black "Arjun, Vishnuvardhan"]
[Result "1-0"]
[WhiteElo "2415"]
[BlackElo "2157"]
[PlyCount "79"]
[EventDate "2017.05.25"]
[EventType "swiss"]
[EventRounds "9"]
[EventCountry "USA"]
[SourceTitle "CBM 178 Extra"]
[Source "ChessBase"]
[SourceDate "2017.06.22"]
[SourceVersion "1"]
[SourceVersionDate "2017.06.22"]
[SourceQuality "1"]

1. d4 f5 2. c4 Nf6 3. Nc3 e6 4. Nf3 d5 5. g3 Bd6 6. c5 Be7 7. Bf4 c6 8. Bg2 0-0 9. 0-0 Nbd7 10. b4 Ne4 11. Qc2 Bf6 12. Rad1 Qe7 13. Nxe4 fxe4 14. Bd6 exf3 15. Bxe7 fxg2 16. Bxf8 gxf1Q+ 17. Kxf1 Nxf8 18. e4 dxe4 19. Qxe4 Bd7 20. Qf4 Re8 21. Qc7 Bc8 22. a4 a6 23. h4 Ng6 24. b5 axb5 25. axb5 Ne7 26. bxc6 Nxc6 27. Ra1 Bxd4 28. Ra8 Be5 29. Qb6 Ne7 30. f4 Bf6 31. Kg2 Bd7 32. Rxe8+ Bxe8 33. Qxe6+ Bf7 34. Qd6 h5 35. Kh3 Bd5 36. g4 hxg4+ 37. Kxg4 Kf7 38. h5 Be6+ 39. Kf3 Bd5+ 40. Ke2 1-0

[Event "Queen City IM"]
[Site "Manchester"]
[Date "2017.03.27"]
[Round "10"]
[White "Ivanov, Alexander"]
[Black "Shmeliov, Denis"]
[Result "1-0"]
[WhiteElo "2480"]
[BlackElo "2418"]
[PlyCount "43"]
[EventDate "2017.03.23"]
[EventType "tourn"]
[EventRounds "10"]
[EventCountry "USA"]
[EventCategory "6"]
[SourceTitle "CBM 177 Extra"]
[Source "ChessBase"]
[SourceDate "2017.04.27"]
[SourceVersion "1"]
[SourceVersionDate "2017.04.27"]
[SourceQuality "1"]

1. e4 e6 2. d4 d5 3. Nd2 Nf6 4. e5 Nfd7 5. c3 c5 6. f4 Nc6 7. Ndf3 Qb6 8. g3 cxd4 9. cxd4 Be7 10. Bh3 0-0 11. Ne2 f6 12. Nc3 Ndxe5 13. dxe5 fxe5 14. Kf1 exf4 15. gxf4 e5 16. Bxc8 Raxc8 17. Nxd5 Qb5+ 18. Kg2 Rfd8 19. Nc3 Qa5 20. Qe2 Rf8 21. Nxe5 Bf6 22. Rd1 1-0